000 00458cam a2200145 4500500
005 20260329012140.0
041 _afre
042 _adc
100 1 0 _aStrauss-Kahn, Dominique
_eauthor
245 0 0 _aL’économiste
260 _c2023.
500 _a69
786 0 _nRevue des deux Mondes | ovembre | 8 | 2023-11-01 | p. 142-146 | 2266-4734
856 4 1 _uhttps://shs.cairn.info/revue-revue-des-deux-mondes-2023-8-page-142?lang=fr&redirect-ssocas=7080
999 _c1868379
_d1868379